| 000 | 00766nam a2200217 a 4500 | ||
|---|---|---|---|
| 001 | 000040404 | ||
| 005 | 20201002034118.0 | ||
| 008 | 130823s2001 mx 000 0 spa d | ||
| 020 | _a9683690270 | ||
| 040 |
_aDO-SdBNP _bspa _cBNPHU |
||
| 100 | 1 |
_aRíos Estavillos, Juan José _966706 |
|
| 245 | 1 | 0 |
_aDerechos de los patrones / _cJuan José, Ríos Estavillos. |
| 250 | _a2a. ed. | ||
| 260 |
_aMéxico : _bUniversidad Nacional Autónoma de México : _bCámara de Diputados;, _c2001. |
||
| 300 |
_a83 p. : _bil. ; _c22 cm. |
||
| 490 | 1 | _aNuestros derechos | |
| 500 | _aIncluye datos biográficos del autor en la contracubierta | ||
| 504 | _aBibliografía : p. 83 | ||
| 710 | 2 |
_aUniversidad Nacional Autónoma de México _942447 |
|
| 830 | 0 |
_aNuestros derechos _966667 |
|
| 999 |
_c39894 _d39894 |
||